ASOIAF - Iron Island Houses COAs - Statistics

General Stats
  • This quiz has been taken 82 times
  • The average score is 9 of 20
Answer Stats
Picture Answer % Correct
Greyjoy
98%
Codd
76%
Harlaw
76%
Farwynd of the Lonely Light
67%
Drumm
63%
Goodbrother
63%
Botley
48%
Blacktyde
41%
Wynch
41%
Sunderly
37%
Volmark
37%
Stonetree
33%
Kenning
28%
Merlyn
24%
Orkwood
24%
Stonehouse
24%
Myre
20%
Saltcliffe
20%
Sparr
17%
Tawney
17%
No matching quizzes found
Score Distribution
Percent of People with Each Score
Percentile by Number Answered
Your Score History
You have not taken this quiz